000 00309nam a2200109Ia 4500
008 200302s9999 xx 000 0 und d
100 _aLjiljana Blagojevic
245 _aModernism In Serbia - The Elusive margins of Bel Grade Architecture 1919-1941
260 _bThe MIT Press
260 _c2003
300 _a286 P
999 _c4773
_d4773